[Event "Kamen Piskov mem 3"]
[Site "Ruse"]
[Date "1983.??.??"]
[Round "8"]
[White "Pantaleev, Dimitar"]
[Black "Lalev, Dimitar"]
[Result "1/2-1/2"]
[WhiteElo "2355"]
[BlackElo "2385"]

1.c4 b6 2.Nc3 e6 3.Nf3 Bb7 4.g3 Nf6 5.Bg2 Be7 6.O-O O-O 7.d4 Ne4 8.Nxe4 Bxe4
9.Bf4 d6 10.Ne1 Bxg2 11.Kxg2 Qc8 12.Be3 Rd8 13.Nf3 Nd7 14.Qa4 Qb7 15.Kg1 a6
16.Rfc1 c5 17.dxc5 Nxc5 18.Qc2 h6 19.Rab1 Rac8 20.b4 Nd7 21.Qb3 Rc7 22.Rc2 Rdc8
23.Rbc1 Qa7 24.Qd3 f5 25.Qb3 g5 26.Nd2 Qb7 27.Bd4 Kf7 28.a3 b5 29.Qd3 bxc4
30.Nxc4 Qb5 31.Bb2 Ke8 32.Qb3 d5 33.Ne5 Rxc2 34.Rxc2 Rxc2 35.Qxc2 Nxe5 36.Bxe5 Qc4
37.Qd3 Kd7 38.Qd1 Kc6 39.Qa4+ Qb5 40.Qc2+ Qc4 41.Qa4+ Qb5 42.Qc2+  1/2-1/2

[Event "BCF-ch"]
[Site "Southport"]
[Date "1983.??.??"]
[Round "3"]
[White "Byway, Paul"]
[Black "Smith, Alan A"]
[Result "0-1"]
[WhiteElo "2365"]
[BlackElo "2275"]

1.c4 b6 2.e4 Bb7 3.Nc3 e6 4.Nge2 Nf6 5.Ng3 h5 6.h4 Bd6 7.d3 Bxg3 8.fxg3 Qe7
9.Be2 Nc6 10.Bg5 O-O-O 11.Qd2 Kb8 12.O-O-O Qc5 13.d4 Qf8 14.e5 Ng4 15.Bxg4 hxg4
16.Bxd8 Qxd8 17.Rhf1 f6 18.exf6 gxf6 19.d5 exd5 20.Nxd5 Ne5 21.b3 Bxd5 22.Qxd5 Qe7
23.Kb2 a5 24.a3 Re8 25.Rd2 d6 26.Kc3 Qd7 27.Rxf6 Qh7 28.Kb2 Qh8 29.Rdf2 Nd7
30.Qd4 Nxf6 31.Rxf6 Re2+ 32.Kc3 Qh7 33.Qd1 Qe4 34.Rf8+ Ka7 35.b4 Qe3+ 36.Qd3 Qe5+
37.Kb3 Re3  0-1

[Event "Berlin op"]
[Site "Berlin-West"]
[Date "1984.??.??"]
[Round "4"]
[White "Panzer, Peter"]
[Black "Brustkern, Juergen"]
[Result "0-1"]
[WhiteElo "2200"]
[BlackElo "2200"]

1.c4 b6 2.d4 e6 3.d5 Qh4 4.e3 Bb4+ 5.Bd2 a5 6.Nc3 Bb7 7.Nf3 Qh5 8.Ne2 Ne7
9.e4 f5 10.Ng3 Qf7 11.Bd3 fxe4 12.Nxe4 exd5 13.cxd5 Qxd5 14.Qc2 Ba6 15.Bxa6 Nxa6
16.O-O Bxd2 17.Nfxd2 O-O 18.Nc3 Qf5 19.Qb3+ d5 20.Rae1 Nc5 21.Qb5 Ng6 22.Nf3 Nf4
23.Re5 Qg4  0-1

[Event "Bundesliga 8384"]
[Site "Germany"]
[Date "1984.??.??"]
[Round "?"]
[White "Heinbuch, Detlef"]
[Black "Spassky, Boris V"]
[Result "1/2-1/2"]
[WhiteElo "2280"]
[BlackElo "2605"]

1.c4 b6 2.Nc3 Bb7 3.e4 e6 4.g3 f5 5.d3 Bb4 6.Ne2 fxe4 7.Bg2 Nf6 8.O-O O-O
9.dxe4 Nc6 10.h3 Rb8 11.f4 a6 12.a3 Bxc3 13.Nxc3 d6 14.Be3 Qe8 15.Qe2 Ne7
16.Kh2 Ba8 17.Rad1 b5 18.c5 d5 19.Bd4 Nxe4 20.Nxe4 dxe4 21.Bxe4 Bxe4 22.Qxe4 Qc6
23.Qxc6 Nxc6 24.Bc3 Rbd8 25.Kg2 Rd5 26.b4 Rfd8 27.Rxd5 Rxd5 28.Re1 Kf7 29.Kf3 Rd3+
30.Re3 Nd4+ 31.Bxd4 Rxd4 32.Ke2 Kf6  1/2-1/2

[Event "Thessaloniki ol (Women)"]
[Site "Thessaloniki"]
[Date "1984.??.??"]
[Round "8"]
[White "Ramon, Vivian"]
[Black "Tagnon, Nicole"]
[Result "1/2-1/2"]
[WhiteElo "2045"]
[BlackElo "2030"]

1.c4 b6 2.Nc3 c5 3.Nf3 Bb7 4.e4 d6 5.d4 cxd4 6.Nxd4 Nf6 7.f3 e6 8.Be3 a6
9.Qd2 Nbd7 10.Be2 Be7 11.O-O O-O 12.Rfd1 Qc7 13.Rac1 Rac8 14.Kh1 Qb8 15.b3 Rfe8
16.Bf1 Ne5 17.Qf2 Nfd7 18.Qg3 Ng6 19.Bd3 Bh4 20.Qh3 Bf6 21.Bb1 Be5 22.Nde2 Nc5
23.f4 Bf6 24.b4 Nd7 25.e5 Be7 26.Ne4 d5 27.c5 dxe4 28.Rxd7 Bd5 29.cxb6 Rxc1+
30.Nxc1 Rc8 31.Qh5 Bxb4 32.Qd1 Nf8 33.Rc7 Rxc7 34.bxc7 Qxc7 35.Qd4 Qc3 36.Qxc3 Bxc3
37.Ne2 Be1 38.Kg1 f5 39.exf6 gxf6 40.g4 Nd7 41.Kf1 Bb4 42.Ng3 Bc4+ 43.Kf2 Bd3
44.Bxd3 exd3 45.Ne4 f5 46.gxf5 exf5 47.Ng3 Nf6 48.Nxf5 Ne4+ 49.Kf3 Nc3 50.Bd2 Nxa2
51.Ke3 Bxd2+ 52.Kxd2 Nb4 53.Ne3 Kf7 54.Kc3 Nc2 55.Ng2 Ke6 56.Kxd3  1/2-1/2

[Event "BCF-ch"]
[Site "Edinburgh"]
[Date "1985.??.??"]
[Round "7"]
[White "Knott, Simon JB"]
[Black "Arkell, Keith C"]
[Result "1-0"]
[WhiteElo "2275"]
[BlackElo "2385"]

1.c4 b6 2.Nc3 e6 3.e4 Bb7 4.Nf3 Bb4 5.Qb3 Bxc3 6.Qxc3 Bxe4 7.d3 Bxf3 8.Qxg7 Qf6
9.Bh6 Qxg7 10.Bxg7 Bb7 11.Rg1 f6 12.g4 Nc6 13.g5 Nd4 14.O-O-O Nf3 15.Rg3 Nxg5
16.Bxh8 Ke7 17.h4 Nf7 18.Bg7 Ne5 19.d4 Ng6 20.h5 Nf4 21.h6 Kf7 22.d5 exd5
23.cxd5 Re8 24.Rg4 Ng6 25.d6 cxd6 26.Bc4+ d5 27.Rxd5 Bxd5 28.Bxd5+ Re6 29.Bxe6+ dxe6
30.Rc4 N8e7 31.Rc7 Ne5 32.Rxa7 Nd3+ 33.Kc2 Nxf2 34.a4 Ng4 35.b4 Ne3+ 36.Kb3 e5
37.a5 bxa5 38.bxa5 Nf5 39.a6 Nd4+ 40.Kc4 Nc6 41.Rc7 Kg6 42.a7 Nxa7 43.Rxe7  1-0

[Event "Jurmala"]
[Site "Jurmala"]
[Date "1985.??.??"]
[Round "4"]
[White "Tal, Mihail"]
[Black "Kengis, Edvins"]
[Result "1/2-1/2"]
[WhiteElo "2565"]
[BlackElo "2430"]

1.c4 b6 2.Nc3 Bb7 3.Nf3 Nf6 4.d4 e6 5.g3 Bb4 6.Bg2 Bxc3+ 7.bxc3 O-O 8.O-O d6
9.Bg5 Nbd7 10.Nd2 Bxg2 11.Kxg2 h6 12.Bxf6 Nxf6 13.e4 e5 14.Qc2 Qd7 15.Rae1  1/2-1/2

[Event "Kecskemet op"]
[Site "Kecskemet "]
[Date "1985.??.??"]
[Round "1"]
[White "Hausner, Ivan"]
[Black "Bekefi, Laszlo"]
[Result "1-0"]
[WhiteElo "2385"]
[BlackElo "2210"]

1.c4 b6 2.d4 e6 3.Nf3 Bb7 4.g3 f5 5.Bg2 Nf6 6.O-O Bd6 7.Nc3 O-O 8.d5 Na6
9.Nb5 Bc5 10.Ne5 Ne4 11.Nd3 Be7 12.Nf4 e5 13.Nd3 c6 14.Nc3 Nxc3 15.bxc3 Qc7
16.e4 Nc5 17.exf5 Rxf5 18.Be3 cxd5 19.cxd5 Raf8 20.Nxc5 Bxc5 21.d6 Qb8 22.Bxb7 Bxe3
23.Qd5+  1-0

[Event "FRA-ch"]
[Site "Epinal"]
[Date "1986.??.??"]
[Round "7"]
[White "Manouck, Thierry"]
[Black "Giffard, Nicolas"]
[Result "1-0"]
[WhiteElo "2320"]
[BlackElo "2375"]

1.c4 b6 2.Nf3 Bb7 3.e3 g6 4.Nc3 Bg7 5.d4 e6 6.e4 d6 7.Be2 Nd7 8.O-O a6 9.d5 h6
10.Be3 Ne7 11.dxe6 fxe6 12.Nd4 Nf8 13.Bg4 Bc8 14.f4 c5 15.Nf3 Bb7 16.Qc2 Nc6
17.Rad1 Qe7 18.a3 Nd7 19.e5  1-0

[Event "ISR-ch"]
[Site "?"]
[Date "1986.??.??"]
[Round "?"]
[White "Alterman, Vladimir I"]
[Black "Kraidman, Yair"]
[Result "1-0"]
[WhiteElo "2370"]
[BlackElo "2445"]

1.c4 b6 2.d4 e6 3.Nc3 Bb7 4.Nf3 Nf6 5.e3 Be7 6.Bd3 d5 7.O-O O-O 8.b3 Nbd7
9.Bb2 c5 10.Qe2 Ne4 11.Rfd1 cxd4 12.exd4 Nxc3 13.Bxc3 Rc8 14.Rac1 Bd6 15.Bd2 Nf6
16.Bg5 h6 17.Bh4 Be7 18.Ne5 Ne4 19.Bxe7 Qxe7 20.Qe3 Rfd8 21.Bb1 Nf6 22.c5 bxc5
23.dxc5 Bc6 24.b4 Qb7 25.Rd4 a5 26.a3 axb4 27.axb4 Ra8 28.Bd3 Bb5 29.h3 Rdc8
30.Rb1 Ra4 31.Rf4 Qe7 32.Bc2 Ra2 33.Bd3 Bxd3 34.Qxd3 Qc7 35.Qe3 Rca8 36.b5 Ra1
37.Rb4 Nd7 38.Nd3 R8a3 39.b6 Qb8  1-0

[Event "ISR-ch"]
[Site "?"]
[Date "1986.??.??"]
[Round "?"]
[White "Kagan, Shimon"]
[Black "Kraidman, Yair"]
[Result "0-1"]
[WhiteElo "2415"]
[BlackElo "2445"]

1.c4 b6 2.Nf3 Bb7 3.b3 e6 4.Bb2 Nf6 5.e3 d5 6.Be2 Nbd7 7.O-O dxc4 8.bxc4 Bd6
9.Nc3 O-O 10.d4 c5 11.d5 exd5 12.cxd5 a6 13.a4 Re8 14.Qb3 Qc7 15.Rfd1 Rac8
16.Qc4 Qb8 17.Rab1 Qa8 18.Ba1 Rb8 19.Qh4 Bc8 20.h3 Nf8 21.Qc4 Ng6 22.Rb3 Qa7
23.Rdb1 Qc7 24.R3b2 Ne5 25.Nxe5 Bxe5 26.Rd2 Bd6 27.Qh4 Qe7 28.Bd3 h6 29.e4 Be5
30.g3 Bd7 31.Re2 b5 32.axb5 axb5 33.f4 Bd4+ 34.Kh2 c4 35.Bc2 b4 36.d6 Qxd6
37.Rd1 Qa6  0-1

[Event "Marseille"]
[Site "Marseille"]
[Date "1986.??.??"]
[Round "?"]
[White "Smejkal, Jan"]
[Black "Haik, Aldo"]
[Result "1/2-1/2"]
[WhiteElo "2540"]
[BlackElo "2455"]

1.c4 b6 2.Nc3 e6 3.Nf3 Bb7 4.e4 Bb4 5.Qb3 Na6 6.d3 f5 7.Bg5 Be7 8.Be3 fxe4
9.Nxe4 Nf6 10.Nxf6+ Bxf6 11.Be2  1/2-1/2

[Event "Aarhus-C"]
[Site "Aarhus"]
[Date "1987.??.??"]
[Round "1"]
[White "Jacobsen, Bo"]
[Black "Kroll, Ove"]
[Result "1/2-1/2"]
[WhiteElo "2285"]
[BlackElo "2305"]

1.c4 b6 2.d4 e6 3.Nc3 Bb4 4.e4 Ne7 5.d5 O-O 6.Bd3 Bxc3+ 7.bxc3 e5 8.f3 d6
9.Ne2 Nd7 10.g4 Nc5 11.Ng3 c6 12.Be2 Ba6 13.Be3 cxd5 14.Bxc5 bxc5 15.Qa4 Bxc4
16.Bxc4 dxc4 17.Rd1 Rb8 18.O-O Qc7 19.Rf2 Rb6 20.Rfd2 Rfb8 21.Nf1 g6 22.Ne3 Rb1
23.Nxc4 Rxd1+ 24.Qxd1 Nc8 25.Nxd6 Nxd6 26.Rxd6  1/2-1/2

[Event "Aarhus-B"]
[Site "Aarhus"]
[Date "1987.??.??"]
[Round "3"]
[White "Knudsen, Per"]
[Black "Kroll, Ove"]
[Result "1/2-1/2"]
[WhiteElo "2320"]
[BlackElo "2305"]

1.c4 b6 2.Nf3 Bb7 3.g3 Bxf3 4.exf3 c5 5.Bg2 Nc6 6.O-O g6 7.Re1 Bg7 8.Nc3 Nh6
9.d3 Nf5 10.Rb1 O-O 11.f4 Rc8 12.Bd2 e6 13.a3 d6 14.Qa4 Qd7 15.b4 Rfd8 16.Nb5 Nfd4
17.Nxd4 Nxd4 18.Qa6 Rc7 19.a4 Nc2 20.Red1 Nxb4 21.Bxb4 cxb4 22.Rxb4 Bd4 23.Qb5 Qc8
24.Rbb1 Rc5 25.Qb3 Qd7 26.Rd2 Rdc8 27.Bf3 Qd8 28.Qd1 Qf6 29.Kg2 Kg7 30.Rb5 Rd8
31.Re2 d5 32.cxd5 exd5 33.Rxc5 bxc5 34.Qb3 Qd6 35.h4 Bf6 36.Rc2 Qb6 37.Qa2 Qd6
38.Qa3 Be7 39.Qb3 Qb6 40.Qc3+ Qf6 41.Qe1 Qd6 42.h5 Rc8 43.Qc3+ Bf6 44.Qb3 Rd8
45.Rc1 Bd4 46.Re1 Bf6 47.Qb7 Qb6 48.h6+ Kf8 49.Rb1 Qxb7 50.Rxb7 c4 51.dxc4 dxc4
52.Rxa7 Rc8 53.Ra8 Rxa8 54.Bxa8 Bd8 55.Kf3 Bb6 56.Ke2 Ke7 57.Be4 Ke6 58.f3 Ba5
59.g4 Bc7 60.f5+ Kf6 61.fxg6 fxg6 62.Bd5 Kg5 63.Bxc4 Kxh6 64.Ke3 Kg5 65.Ke4 h5
66.gxh5 gxh5 67.Bf7 h4 68.Be6 Ba5 69.f4+ Kf6 70.Bh3 Ke7 71.Kd5 Kd8 72.Kc6 Bd2
73.f5 Bc3 74.Kb7 Kd7 75.Bf1 Kd8 76.Bg2 Kd7 77.Bh3 Kd8 78.Kb6 Kc8 79.f6+ Kd8
80.f7 Ke7  1/2-1/2

[Event "Budapest"]
[Site "Budapest"]
[Date "1987.??.??"]
[Round "10"]
[White "Sehner, Norbert"]
[Black "Vegh, Endre"]
[Result "1/2-1/2"]
[WhiteElo "2365"]
[BlackElo "2375"]

1.c4 b6 2.Nc3 c5 3.g3 Bb7 4.e4 g6 5.Bg2 Bg7 6.Nge2 Nc6 7.O-O d6 8.d3 e6 9.Be3 Nd4
10.Qd2 Ne7 11.Bh6 O-O 12.Nxd4 cxd4 13.Ne2 e5 14.Bxg7 Kxg7 15.b4 f5 16.exf5 Bxg2
17.Kxg2  1/2-1/2

[Event "BCF-ch"]
[Site "Swansea"]
[Date "1987.??.??"]
[Round "?"]
[White "McNab, Colin Anderson"]
[Black "King, Daniel J"]
[Result "0-1"]
[WhiteElo "2435"]
[BlackElo "2470"]

1.c4 b6 2.b3 Bb7 3.Bb2 Nf6 4.Nf3 g6 5.e3 Bg7 6.Be2 c5 7.O-O O-O 8.Nc3 e6
9.d4 Qe7 10.Qc2 Nc6 11.a3 cxd4 12.exd4 Rac8 13.Rfe1 Na5 14.a4 Rfd8 15.Ba3 d6
16.Qa2 Nh5 17.Rab1 Nf4 18.Qd2 Qf6 19.Nb5 Qf5 20.Bxd6 Nxe2+ 21.Qxe2 a6 22.Bc7 axb5
23.Bxd8 Rxd8 24.axb5 Bxf3 25.Qxf3 Qxf3 26.gxf3 Bxd4 27.f4 Kf8 28.Kg2 Bc3
29.Red1 Rxd1 30.Rxd1 Ke7 31.Rd3 Bb4 32.Kf3 Nb7 33.Kg4 Nc5 34.Rd1 h5+ 35.Kg3 Kf6
36.Kg2 Ba5 37.Rb1 Bb4 38.Ra1 Ba5 39.Rb1 Nd3 40.Kf3 Bb4 41.Rd1 Nc5 42.Kg2 Ke7
43.Ra1 Kd6 44.Ra7 Nxb3 45.Rxf7 Nd4 46.Kf1 Bd2 47.Rf6 Kc5 48.Rxg6 Bxf4 49.Rg8 Kxc4
50.Rh8 Bxh2 51.Rxh5 Bf4 52.Ke1 e5 53.Rh8 Kxb5 54.Kd1 Kc4 55.Rc8+ Kd3  0-1

[Event "Aarhus-A"]
[Site "Aarhus"]
[Date "1988.??.??"]
[Round "7"]
[White "Jacobsen, Bo"]
[Black "Berg, Klaus"]
[Result "0-1"]
[WhiteElo "2280"]
[BlackElo "2370"]

1.c4 b6 2.Nf3 Bb7 3.e3 g6 4.d4 Bg7 5.Nc3 Nf6 6.Bd3 d5 7.cxd5 Nxd5 8.e4 Nxc3
9.bxc3 O-O 10.O-O c5 11.dxc5 Nd7 12.cxb6 Nc5 13.Bc2 axb6 14.Be3 Bxc3 15.Rb1 Qxd1
16.Rfxd1 Bxe4 17.Rxb6 Bxc2  0-1

[Event "Edinburgh op"]
[Site "Edinburgh"]
[Date "1988.??.??"]
[Round "9"]
[White "McNab, Colin Anderson"]
[Black "Martin, Andrew D"]
[Result "1/2-1/2"]
[WhiteElo "2420"]
[BlackElo "2365"]

1.c4 b6 2.Nf3 Bb7 3.g3 Bxf3 4.exf3 c5 5.d4 cxd4 6.Qxd4 Nc6 7.Qd1 g6 8.Nc3 Bg7
9.Be3 h5 10.Be2 Nh6 11.g4 Rc8 12.h3 Ng8 13.Qd2 hxg4 14.fxg4 Nf6 15.O-O-O d6
16.Kb1 Nd7 17.h4 Nf6 18.h5 Ne5 19.h6 Bf8 20.g5 Nfd7 21.Qd4 Rh7 22.f4 Nc6
23.Qe4 e6 24.Nb5 Nc5 25.Bxc5 bxc5 26.Bh5 Qd7 27.Rhe1 Nd8 28.Bxg6 fxg6 29.Qxg6+ Qf7
30.f5 a6 31.Qxf7+ Nxf7 32.g6 Rxh6 33.gxf7+ Kd7 34.fxe6+ Rxe6 35.Nc3 Ke7 36.Rf1 Bg7
37.Nd5+ Kf8 38.Rd2 Rb8 39.Rg2 Rh6 40.Rfg1 Bd4 41.Rf1 Bg7 42.Re1 Rh8 43.Nc7 Be5
44.Rf1 Ke7 45.b3 a5 46.Rg6 a4 47.Ne6 axb3 48.axb3 Rxb3+ 49.Kc2 Rbb8 50.Kd3 Rhf8
51.Nxf8 Rxf8 52.Ke4 Rxf7 53.Rxf7+ Kxf7 54.Rh6 Ke7 55.Kd5 Kd7 56.Rh7+ Kd8
57.Kc6 Ke8 58.Rd7 Bf4 59.Ra7 Be5 60.Ra2 Kd8 61.Rg2  1/2-1/2

[Event "Eger op"]
[Site "Eger"]
[Date "1988.??.??"]
[Round "?"]
[White "Titz, Heimo"]
[Black "Zlatilov, Ivailo"]
[Result "0-1"]
[WhiteElo "2260"]
[BlackElo "2385"]

1.c4 b6 2.Nf3 Bb7 3.g3 Bxf3 4.exf3 c5 5.Bg2 Nc6 6.Nc3 g6 7.f4 Bg7 8.O-O Nh6
9.d3 O-O 10.Be3 Nf5 11.Rc1 e6 12.Rc2 Rc8 13.Rd2 Nce7 14.Qb3 d6 15.Rfd1 Qd7
16.Ne2 d5 17.d4 cxd4 18.Nxd4 Nxe3 19.fxe3 Rxc4 20.Ne2 Qc7 21.Nd4 Qc5 22.Bf1 Rb4
23.Qd3 Nf5 24.Nxf5 gxf5 25.b3 Re4 26.Re2 d4 27.Rc2 Rxe3 28.Rxc5 Rxd3 29.Bxd3 bxc5
30.Rc1 Rc8 31.Rc4 Bf8 32.Ra4 Rc7 33.Ra6 Be7 34.Kf2 h6 35.Ke2 Kf8 36.Bb5 Bd8
37.Bd3 Ke7 38.Ra5 Rb7 39.Rxc5 Kd6 40.Rc1 Ba5 41.Rf1 Bc3 42.Ba6 Rb8 43.Rf3 f6
44.Rf2 Rf8 45.Bd3 a5 46.a4 Ke7 47.Kd1 h5 48.h4 Rg8 49.Rf3 Kf7 50.Be2 Kg6
51.Bc4 Re8 52.Bd3 Rf8 53.Rf1 e5 54.g4 e4 55.gxh5+ Kxh5 56.Be2+ Kxh4 57.Rg1 d3  0-1

[Event "Kecskemet"]
[Site "Kecskemet"]
[Date "1988.??.??"]
[Round "?"]
[White "Bischoff, Klaus"]
[Black "King, Daniel J"]
[Result "1-0"]
[WhiteElo "2510"]
[BlackElo "2520"]

1.c4 b6 2.Nc3 e6 3.d4 Bb4 4.Bd2 Nf6 5.e3 Bb7 6.Nf3 c5 7.a3 Bxc3 8.Bxc3 Ne4
9.Rc1 d6 10.Be2 O-O 11.O-O Nxc3 12.Rxc3 Qe7 13.b4 Nd7 14.Qb1 Nf6 15.Rd1 Rac8
16.Qb2 Rc7 17.dxc5 dxc5 18.b5 e5 19.Rcc1 e4 20.Nd2 Nd7 21.Nb1 Ne5 22.Nc3 Qg5
23.Nd5 Rd7 24.h4 Qf5 25.Nf4 Rfd8 26.Rxd7 Rxd7 27.Nh5 f6 28.Ng3 Qe6 29.Qc2 f5
30.Nh5 g6 31.Nf4 Qf6 32.Qc3 Kf7 33.a4 Ke7 34.a5 Nf7 35.Qa3 Ke8 36.axb6 axb6
37.Qa7 Nd8 38.Rd1 Rxd1+ 39.Bxd1 Qd6 40.Qa1 Nf7 41.Be2 Kf8 42.Qa7 Nd8 43.g4 fxg4
44.Bxg4 Kg8 45.Kg2 h5 46.Bh3 Qf6 47.Qb8 Kh7 48.Qc7+ Kh6 49.Kg3 g5 50.hxg5+ Qxg5+
51.Kh2 Qf6 52.Qd7 Ba8 53.Qe8  1-0

[Event "DDR-FRG"]
[Site "Potsdam"]
[Date "1988.??.??"]
[Round "?"]
[White "Boensch, Uwe"]
[Black "Lau, Ralf"]
[Result "1-0"]
[WhiteElo "2510"]
[BlackElo "2495"]

1.c4 b6 2.Nc3 Bb7 3.d4 e6 4.a3 Nf6 5.Bg5 Be7 6.e3 O-O 7.Rc1 h6 8.Bh4 c5 9.Nf3 cxd4
10.exd4 d6 11.Bd3 Nbd7 12.O-O Re8 13.Re1 Rc8 14.a4 d5 15.b3 dxc4 16.bxc4 Nh5
17.Bxe7 Rxe7 18.Nb5 Ndf6 19.Ne5 a6 20.Nc3 Nf4 21.Bf1 Nd7 22.Ng4 h5 23.Ne3 Nf6
24.Ne2 Nxe2+ 25.Rxe2 Rd7 26.Rd2 Rc6 27.Rb1 Rcd6 28.Qb3 Ne4 29.Rdd1 Qf6 30.f3 Ng5
31.d5 exd5 32.Nxd5 Qd8 33.Re1 Rg6 34.Kh1 Bxd5 35.cxd5 Rxd5 36.Bxa6 h4 37.f4 Ne6
38.Bb7 Rd6 39.f5 Nd4 40.Qh3 Rg5 41.Rbc1 Qf6 42.Re8+ Kh7 43.Qxh4+ Qh6 44.Rcc8 Nxf5
45.Rh8+ Kg6 46.Rxh6+ gxh6 47.Qe1  1-0

[Event "Royan"]
[Site "Royan"]
[Date "1988.??.??"]
[Round "?"]
[White "Pfleger, Helmut"]
[Black "Andruet, Gilles"]
[Result "1/2-1/2"]
[WhiteElo "2485"]
[BlackElo "2430"]

1.c4 b6 2.Nc3 e6 3.Nf3 Bb7 4.e3 Nf6 5.b3 c5 6.Bb2 Be7 7.Be2 O-O 8.O-O d5
9.cxd5 Nxd5 10.d4 Nxc3 11.Bxc3 Nc6 12.dxc5 Bxc5 13.Qc1 Bb4 14.a3 Bxc3 15.Qxc3 Qe7
16.b4 Rac8 17.Rac1 Rfd8 18.Qb2 Nb8 19.h3 Bd5 20.Rxc8 Rxc8 21.Rc1 Rxc1+ 22.Qxc1 Qb7
23.Qc3 Nd7 24.Ne1 Qc6 25.Qxc6 Bxc6 26.Nf3 Bxf3 27.Bxf3 Ne5 28.Be2 Kf8 29.Kf1 Ke7
30.Ke1 Kd6 31.Kd2 Kd5 32.Kc3 Ke4 33.Ba6 Kd5 34.Bb7+ Kd6 35.f4 Ng6 36.Kd4 f6
37.Be4 Nf8 38.Kc4 h6 39.Kb5 Kc7 40.Ka6 Kb8 41.Bd3 Ka8 42.Bc4 Kb8 43.g3 Ka8
44.a4 Kb8 45.a5 bxa5 46.bxa5 Ka8 47.h4 Kb8 48.Bb3 Ka8 49.Ba4 Kb8 50.Be8 Ka8
51.e4 Kb8 52.f5 Ka8 53.Bc6+ Kb8 54.Be8 Ka8 55.Kb5 Kb7 56.Kc5 Kc7 57.a6 exf5
58.exf5 Kd8 59.Bb5 Ke7 60.Kd5 Nh7 61.Kc6 Nf8 62.Kc7 Nh7 63.Kc6  1/2-1/2

[Event "Salamanca"]
[Site "Salamanca"]
[Date "1988.??.??"]
[Round "7"]
[White "Rivas Pastor, Manuel"]
[Black "Andruet, Gilles"]
[Result "0-1"]
[WhiteElo "2505"]
[BlackElo "2430"]

1.c4 b6 2.d4 e6 3.Nc3 Bb4 4.Nf3 Bb7 5.g3 Nf6 6.Bg2 Bxc3+ 7.bxc3 d6 8.a4 a5
9.O-O Nbd7 10.Nd2 Bxg2 11.Kxg2 e5 12.e4 O-O 13.Re1 Re8 14.f3 c6 15.Rb1 Qc7
16.Qb3 d5 17.cxd5 cxd5 18.Bb2 dxe4 19.fxe4 Qb7 20.Kf3 Kh8 21.g4 Rac8 22.Ba1 Qc7
23.Re2 Re6 24.h4 Ne8 25.Kg2 Nd6 26.Bb2 Nc4 27.Bc1 Nxd2 28.Bxd2 Qc4 29.Qxc4 Rxc4
30.Rb5 exd4 31.Rd5 Nf6 32.Rd8+ Re8 33.Rxe8+ Nxe8 34.cxd4 Rxa4 35.d5 Ra2 36.e5 Nc7
37.d6 Ne6 38.Kf2 Nc5 39.Ke3 Kg8 40.Kd4 Kf8 41.Kd5 Ke8 42.e6 Nxe6 43.Rf2 a4
44.d7+ Kd8 45.Rxf7 Nc7+  0-1

[Event "Schoeneck op"]
[Site "Schoeneck"]
[Date "1988.??.??"]
[Round "9"]
[White "Simic, Radoslav"]
[Black "Gutman, Lev"]
[Result "1-0"]
[WhiteElo "2485"]
[BlackElo "2490"]

1.c4 b6 2.d4 e6 3.a3 Nf6 4.Nc3 Bb7 5.Nf3 d5 6.cxd5 Nxd5 7.Qc2 c5 8.e4 Nxc3
9.bxc3 Qc8 10.Qb1 Ba6 11.Bb5+ Bxb5 12.Qxb5+ Nd7 13.O-O Be7 14.d5 exd5 15.exd5 O-O
16.Bf4 Bf6 17.Rad1 Re8 18.c4 Nf8 19.Rfe1 Qd7 20.a4 Qxb5 21.axb5 Nd7 22.g4 Bb2
23.Rxe8+ Rxe8 24.Rd2 Re4 25.Bg3 Be5 26.Ra2 Bxg3 27.hxg3 Kf8 28.Rxa7 Ke7 29.Ng5 Rxc4
30.Nxf7 Rd4 31.d6+ Kxf7 32.Rxd7+ Ke6 33.Rxg7 c4 34.Rxh7 Kxd6 35.Kf1 Kc5 36.Rc7+ Kb4
37.f4 c3 38.Ke2 Kb3 39.g5 Rd2+ 40.Ke3 Rd5 41.g6  1-0

[Event "Rilton Cup"]
[Site "Stockholm"]
[Date "1988.??.??"]
[Round "?"]
[White "Magnusson, Joergen"]
[Black "Ward, Christopher"]
[Result "1/2-1/2"]
[WhiteElo "2255"]
[BlackElo "2325"]

1.c4 b6 2.Nc3 c5 3.Nf3 Bb7 4.d4 cxd4 5.Nxd4 Nf6 6.Bg5 e6 7.Ndb5 d6 8.Bf4 e5
9.Bg5 a6 10.Na3 Nbd7 11.e4 Be7 12.f3 O-O 13.Be3 Ne8 14.Qd2 Nc7 15.Be2 Ne6
16.O-O Re8 17.Nc2 Bf8 18.Nb4 Rc8 19.Nbd5 Rc6 20.Rfd1 Qb8 21.Bf1 a5 22.Na4 Ba6
23.Rac1 Ndc5 24.Nac3 Rcc8 25.b4 axb4 26.Nxb4 Bb7 27.Nbd5 Bxd5 28.Nxd5 Nc7
29.Rb1 Nxd5 30.cxd5 Re7 31.Bb5 Ra7 32.Bc6 Qc7 33.Rb4 Be7 34.Rdb1 Bd8 35.Qb2 Ra5
36.a4 Qa7 37.Qc2 Qe7 38.f4 exf4 39.Bxf4 Bc7 40.Re1 f5 41.Be3 Nxe4 42.Rxb6 Bxb6
43.Bxb6 Raa8 44.a5 Rxa5 45.Bxa5 Qa7+ 46.Kh1 Qxa5 47.Rf1 g6 48.g4 Rf8 49.Qg2 Qd2
50.gxf5 Qxg2+ 51.Kxg2 gxf5 52.Bd7 f4 53.Bg4 Kg7 54.Re1 Nf6 55.Re7+ Rf7 56.Rxf7+ Kxf7
57.Be6+ Kg6 58.Kf3 Kg5 59.h4+ Kxh4 60.Kxf4 h5 61.Kf5 Ng4  1/2-1/2

[Event "Rilton Cup"]
[Site "Stockholm"]
[Date "1988.??.??"]
[Round "?"]
[White "Sehner, Norbert"]
[Black "Ward, Christopher"]
[Result "1-0"]
[WhiteElo "2415"]
[BlackElo "2325"]

1.c4 b6 2.Nc3 c5 3.g3 Bb7 4.e4 g6 5.Nge2 Bg7 6.Bg2 Nc6 7.d3 d6 8.Be3 Nf6
9.h3 O-O 10.O-O Ne8 11.f4 Nc7 12.f5 Ne5 13.Qd2 a6 14.Rad1 b5 15.b3 e6 16.Bg5 Qd7
17.f6 Bh8 18.Qf4 Rfd8 19.Kh2 Ne8 20.Qh4 b4 21.Na4 Qc7 22.d4 cxd4 23.Nxd4 Rd7
24.Qh6 Nc6 25.Nc2 e5 26.Rf2 Rb8 27.Qh4 Ba8 28.Qg4 Nd8 29.Nc5 Qxc5 30.Qxd7 Ne6
31.Be3 Qa5 32.Qa7 Rc8 33.Bb6 Qxa2 34.Ne3 Qxb3 35.Ng4 N6c7 36.Nh6+ Kf8 37.Rdf1 Qxc4
38.Bxc7 Nxc7 39.Rd2 Qc6 40.Rfd1 Rd8 41.Ng4 h5 42.Nxe5 Qc3 43.Rxd6 Re8 44.Nxf7 Nb5
45.Qd7 Bxf6 46.Rf1 Nxd6 47.Nxd6 Re7 48.Qd8+ Kg7 49.Qxa8 Qe5 50.Nc4 Qe6 51.e5 Bxe5
52.Bd5  1-0

[Event "Aarhus op"]
[Site "Aarhus"]
[Date "1989.??.??"]
[Round "4"]
[White "Pedersen, E."]
[Black "Kroll, Ove"]
[Result "1/2-1/2"]
[WhiteElo "2410"]
[BlackElo "2335"]

1.c4 b6 2.d4 e6 3.d5 Bb4+ 4.Bd2 Bxd2+ 5.Qxd2 Nf6 6.Nc3 O-O 7.e4 e5 8.f3 d6
9.g4 Kh8 10.Nge2 Nbd7 11.Ng3 Ng8 12.h4 a5 13.O-O-O Nc5 14.Bd3 Bd7 15.Bc2 Rb8
16.Nb5 Ne7 17.h5 f6 18.Nf5 Ng8 19.Nh4 Nh6 20.Rdg1 Kg8 21.g5 fxg5 22.Rxg5 Bxb5
23.Rgg1 Rf7 24.cxb5 Qf6 25.Qg2  1/2-1/2

[Event "Cannes op"]
[Site "Cannes"]
[Date "1989.??.??"]
[Round "?"]
[White "Chomet, Pascal"]
[Black "Andruet, Gilles"]
[Result "1-0"]
[WhiteElo "2265"]
[BlackElo "2420"]

1.c4 b6 2.b3 Bb7 3.Bb2 Nf6 4.Nf3 e6 5.e3 Be7 6.Be2 O-O 7.O-O c5 8.d3 Nc6
9.Nbd2 a5 10.a3 d5 11.Qc2 Qb8 12.Bc3 e5 13.cxd5 Nxd5 14.Bb2 Bd6 15.Rfe1 Re8
16.Bf1 Qd8 17.Ne4 Bc7 18.Ng3 Rc8 19.Rad1 g6 20.Qb1 Qe7 21.d4 e4 22.Nd2 cxd4
23.Ndxe4 f5 24.Bc4 Ne5 25.exd4 Nxc4 26.bxc4 fxe4 27.Rxe4 Qf7 28.cxd5 Qxd5
29.Rde1 Bxg3 30.Rxe8+ Rxe8 31.Rxe8+ Kf7 32.f3 Bxh2+ 33.Kxh2 Kxe8 34.Qe1+ Kd7
35.Qh4 h5 36.Bc1 Ba6 37.Kg1 Bd3 38.Qf6 Kc7 39.Bf4+ Kb7 40.Qe7+ Ka6 41.Be5 Bf5
42.Qc7 Kb5 43.Kh2 Qb3 44.Qb7 Ka4 45.Bd6 Be6 46.Be7 b5 47.Qc6 Qe3 48.Qd6 Bf5
49.d5 g5 50.Qf6 Qf4+ 51.Kg1 Qe3+ 52.Kh2 Qf4+ 53.Kg1 g4 54.fxg4 Qxg4 55.Qe5 Be4
56.Qd4+ b4 57.Qd2 Kxa3 58.d6 Bf5 59.Qe3+ Ka4 60.Qc5 Be4 61.Qf2 Qd1+ 62.Kh2 Qd5
63.Qe2 Bd3 64.Qb2 Bc4 65.Qh8 Be2 66.Qa1+ Kb3 67.Qb1+ Ka4 68.Qc2+ Kb5 69.Qxe2+ Kc6
70.Qa6+ Kd7 71.Qa7+ Ke6 72.Qe3+ Kd7 73.Qh3+ Kc6 74.Qc8+ Kb5 75.Qd7+ Ka6 76.Bf6 Qe4
77.Qc8+ Kb5 78.Qb8+  1-0

[Event "Copenhagen op"]
[Site "Copenhagen"]
[Date "1989.??.??"]
[Round "2"]
[White "Bang, Andreas"]
[Black "Andersen, Ib"]
[Result "1/2-1/2"]
[WhiteElo "2315"]
[BlackElo "2215"]

1.c4 b6 2.Nc3 e6 3.Nf3 Bb7 4.d4 Bb4 5.Qb3 Qe7 6.a3 Bxc3+ 7.Qxc3 f5 8.g3 Nf6
9.Bg2 a5 10.O-O a4 11.b4 axb3 12.a4 d6 13.a5 bxa5 14.Rxa5 Rxa5 15.Qxa5 O-O
16.Qb4 Be4 17.Qxb3 Nc6 18.Qc3 Rb8 19.Bg5 h6 20.Bxf6 Qxf6 21.e3 Kh7 22.Ra1 Ne7
23.Ne1 Bxg2 24.Kxg2 c5 25.Ra6 Nc8 26.Nd3 cxd4 27.Qxd4 Qe7 28.f3  1/2-1/2

[Event "BL2-W8889"]
[Site "Germany"]
[Date "1989.??.??"]
[Round "?"]
[White "Rosen, Bernd"]
[Black "King, Daniel J"]
[Result "1/2-1/2"]
[WhiteElo "2305"]
[BlackElo "2500"]

1.c4 b6 2.e4 Bb7 3.Nc3 e6 4.g3 Bb4 5.Nge2 f5 6.Bg2 fxe4 7.Nxe4 Nc6 8.O-O Nf6
9.d4 Be7 10.d5 Na5 11.N2c3 O-O 12.dxe6 dxe6 13.Qe2 Nxe4 14.Bxe4 Bxe4 15.Qxe4 Qd7
16.Bf4 Bf6 17.Rad1 Qf7 18.Nb5 Bxb2 19.Nxc7 Rac8 20.Nxe6 Rfe8 21.Qb1 Nxc4
22.Ng5 Qg6 23.Qxg6 hxg6 24.Rd7 a5 25.Rfd1 b5 26.Rb7 b4 27.Rdd7 Bc3 28.Nf3 Red8
29.Rbc7 Nb6 30.Rxd8+ Rxd8 31.Ra7 Ra8 32.Rb7 Nd5 33.Bd6 a4 34.Rb5 Nc7 35.Rb7 Nd5
36.Rb5 Nc7 37.Rb7  1/2-1/2

[Event "EU-chT"]
[Site "Haifa"]
[Date "1989.??.??"]
[Round "9"]
[White "Stohl, Igor"]
[Black "Prie, Eric"]
[Result "1-0"]
[WhiteElo "2500"]
[BlackElo "2405"]

1.c4 b6 2.Nc3 e6 3.d4 Bb4 4.Qc2 Bb7 5.a3 Bxc3+ 6.Qxc3 f5 7.f3 Nf6 8.e3 O-O
9.Qc2 c5 10.Bd3 Nc6 11.Ne2 Nh5 12.O-O Qf6 13.b3 d6 14.Bb2 Qg5 15.Bc1 Qf6
16.Bb2 Qg5 17.Rf2 Rae8 18.Rd1 Kh8 19.Qd2 Ne7 20.Nf4 Nxf4 21.exf4 Qg6 22.dxc5 dxc5
23.Bc2 Nc6 24.Qe3 Rd8 25.Rfd2 Rxd2 26.Rxd2 Rd8 27.Rxd8+ Nxd8 28.b4 cxb4 29.axb4 h5
30.Kf2 Qf7 31.c5 Qe7 32.cxb6 Qxb4 33.Qe5 Qe7 34.bxa7 Nc6 35.Qe3 Ba8 36.Bb3 Qb7
37.Qxe6 Qxa7+ 38.Kg3  1-0